| 000 | 00425nam a22001817a 4500 | ||
|---|---|---|---|
| 005 | 20230112111807.0 | ||
| 008 | 210301b ||||| |||| 00| 0 eng d | ||
| 020 | _a9788177585421 | ||
| 041 | _aeng | ||
| 082 | _a547 FIN O | ||
| 100 |
_aFINER, I L _96453 |
||
| 245 | _aORGANIC CHEMISTRY-VOL-1 | ||
| 250 | _a6'TH | ||
| 260 |
_aINDIA _bPEASON _c2021 |
||
| 300 | _a965,p. | ||
| 650 |
_aPHARMACY _xB.PHARMA _97083 |
||
| 942 | _cBK | ||
| 999 |
_c7497 _d7495 |
||